Movies Quiz

Random Movies or Actress Quiz

Acting Oscar Nominees - Shared Last Name (V of V) Quiz Stats

 Plays Quiz not verified by Sporcle

Challenge
Share
Tweet
Embed
Score 0/33 Timer 09:00
0 Plays Today
Surname First Name % Correct
_____ DILLONMatt
100%
_____ SMITHWill
98.3%
_____ GRIFFITHMelanie
96.6%
_____ REDGRAVEVanessa
94.9%
_____ HUNTERHolly
91.5%
_____ COBURNJames
91.5%
_____ BLAIRLinda
88.1%
_____ TILLYJennifer
88.1%
_____ BURNSGeorge
84.7%
_____ TILLYMeg
84.7%
_____ HOWARDTerrence
83.1%
_____ TURNERKathleen
83.1%
_____ REDGRAVELynn
79.7%
_____ BAXTERAnne
79.7%
_____ TURNERLana
76.3%
_____ SMITHMaggie
74.6%
_____ HUNTERKim
67.8%
Surname First Name % Correct
_____ REDGRAVEMichael
67.8%
_____ DILLONMelinda
64.4%
_____ HOWARDLeslie
57.6%
_____ GRIFFITHHugh
55.9%
_____ RUSSELLRosalind
55.9%
_____ CARROLLDiahann
54.2%
_____ BAXTERWarner
54.2%
_____ RUSSELLHarold
54.2%
_____ COBURNCharles
52.5%
_____ MILESSarah
49.2%
_____ BLAIRBetsy
44.1%
_____ HOWARDTrevor
42.4%
_____ MILESSylvia
40.7%
_____ BURNSCatherine
39%
_____ CARROLLNancy
32.2%
_____ GRIFFITHCorinne
25.4%

You're not logged in!

Compare scores with friends on all Sporcle quizzes.
OR
Log In

You Might Also Like...

Show Comments

Extras

Top Quizzes Today


Score Distribution

Your Account Isn't Verified!

In order to create a playlist on Sporcle, you need to verify the email address you used during registration. Go to your Sporcle Settings to finish the process.

Report this User

Report this user for behavior that violates our Community Guidelines.

Details: